00000000nam##2200000za#4500
0019.616554
003CaOODSP
00520211126112847
007ta
008150406|2003||||xxc|||||     f|0| 0 eng|d
022 |a1192-5434
040 |aCaOODSP|beng
043 |an-cn---
0861 |aFB3-2/103-29E
1102 |aBank of Canada.
24510|aNominal rigidities and exchange rate pass-through in a structural model of a small open economy / |cby Steve Ambler, Ali Dib, and Nooman Rebei.
260 |aOttawa - Ontario : |bBank of Canada |c2003.
300 |av, 48p. : |bfigs., tables ; |c28 cm.
4901 |aWorking paper|x1192-5434|v2003-29
504 |aBibliography.
5203 |aThis working paper is part of a series that examines a range of economic and financial issues of interest to bankers, economists and policymakers.
546 |a(Résumés en français.)
563 |aSoftcover
590 |a03-41|b2003-10-10
69007|aStatistics|2gcpds
69007|aEconomy|2gcpds
7201 |aAmbler, Steve
7201 |aRebei, Nooman
7760#|tNominal rigidities and exchange rate pass-through in a structural model of a small open economy / |w(CaOODSP)9.580585
830#0|aWorking paper,|x1192-5434|v2003-29|w(CaOODSP)9.514622